000 00487nam a2200181Ia 4500
008 240729s9999 xx 000 0 und d
022 _a2406-1239
245 0 _aEkonomika Preduzeća
260 _aSerbia
260 _bSerbian Association of Economists
650 _a Business | Social Sciences
650 _a Commerce
650 _a Finance
650 _aSocial Sciences
856 _uhttps://doaj.org/toc/5d8ca1ac79564cff827935e71f23c5c9
942 _2ddc
942 _cDOAJEJ
999 _c73570
_d73570
945 _a1
_bMadushi Gamage
_c1
_dMadushi Gamage